LEADER 01542nam a2200313 u 4500 001 000000027998 003 CaOOAMICUS 005 20070226111743.0 008 960323s1996 it u000 u ita u 035 $a10726886 040 $aIPA$bita$dPUL(R) 100 1 $aGemmiti, Dante.$0(OLS)http://pul/name/22825 245 13$aLa donna in Origene :$b(con testimonianze dei primi tre secoli) /$cDante Gemmiti ; presentazione di Henri Crouzel. 260 $aNapoli :$bLibreria Editrice Redenzione,$c1996. 300 $a275 p. ;$c24 cm 490 1 $aSaggi, studi, testi / Accademia Angelica Costantiniana di lettere arti e scienze ;$v3 504 $aBibliografia: p. 13-36. 600 04$aOrigenes,$d184-253.$0(OLS)http://pul/subject/2177 650 4$aDonne nel cristianesimo$yEvo antico.$0(OLS)http://pul/subject/9405 650 4$aDonna.$0(OLS)http://pul/subject/7073 710 2 $aAccademia angelica costantiniana di lettere, arti e scienze.$0(OLS)http://pul/name/22826 830 0$aSaggi, studi, testi (Accademia Angelica Costantiniana di lettere, arti e scienze) ;$v3.$0(OLS)http://pul/title/38249 850 $aPUL 852 $aPUL$W1$xSL Religione 1$y3$m25 C 36$j38934$nBK-PRI$b $qStampati$B38934$CPULBib$Z2$F38934 $H $81 941 1 $a8 960 $aOrigene,$d184-253$92177 961 $aINV: 74680 996 $6245$aLa donna in Origene :$b(con testimonianze dei primi tre secoli)$9(OLS)http://pul/title/38248 996 $6260$aNapoli :$bLibreria Editrice Redenzione$9(OLS)http://pul/publisher/59979 LEADER 01546nam a2200313 u 4500 001 000000073211 003 CaOOAMICUS 005 20070226122327.0 008 020627s1995 it a u000 u ita u 020 $a8886495323 035 $a10935114 040 $aPUL$bita 100 1 $aCharbonneau-Lassay, Louis,$d1871-1947.$0(OLS)http://pul/name/48459 245 13$aIl giardino del Cristo ferito :$bil vulnerario e il florario del Cristo : duecento figure incise su legno dall'Autore /$cLouis Charbonneau-Lassay ; a cura di PierLuigi Zoccatelli ; introd. di Stefano Salzani e PierLuigi Zoccatelli ; trad. di Silvestra Palamidessi. 260 $aRoma :$bArkeios,$c1995. 300 $a275 p. :$bill. ;$c24 cm 490 1 $aLa via dei simboli 504 $aBibliografia in nota. 650 4$aSimbolismo cristiano.$0(OLS)http://pul/subject/2212 700 1 $aZoccatelli, Pierluigi.$0(OLS)http://pul/name/48471 700 1 $aPalamidessi, Silvestra.$0(OLS)http://pul/name/48460 830 3$aLa via dei simboli.$0(OLS)http://pul/title/48499 850 $aPUL 852 $aPUL$W1$xSL Cons. Gen., Altre Classi 1$y1$m2004 D $j65611$nBK-PRI$b $qStampati$B94631$CPULBib$Z2$F94631 $H $81 941 1 $a8 961 $aINV: 73807 996 $6020$a8886495323$9(OLS)http://pul/number/94452 996 $6245$aIl giardino del Cristo ferito :$bil vulnerario e il florario del Cristo : duecento figure incise su legno dall'Autore$9(OLS)http://pul/title/96246 996 $6260$aRoma :$bArkeios$9(OLS)http://pul/publisher/58291